Central Library OPAC University of Rajshahi

Living history / (Record no. 54916)

MARC details
000 -LEADER
fixed length control field 00958nam a2200289 a 4500
001 - CONTROL NUMBER
control field 54916
003 - CONTROL NUMBER IDENTIFIER
rucl marc code BD-RjUL
005 - DATE AND TIME OF LATEST TRANSACTION
control field 20211209080205.0
008 - FIXED-LENGTH DATA ELEMENTS--GENERAL INFORMATION
fixed length control field 161112s2003 nyuacf 001 0aeng c
020 ## - INTERNATIONAL STANDARD BOOK NUMBER
International Standard Book Number 0747255156
035 ## - SYSTEM CONTROL NUMBER
System control number (BD-RjUL)55038
System control number BD-RjUL
040 ## - CATALOGING SOURCE
Original cataloging agency STF
Transcribing agency STF
Modifying agency BD-RjUL
Language of cataloging eng
041 ## - LANGUAGE CODE
Language code of text/sound track or separate title eng
082 ## - DEWEY DECIMAL CLASSIFICATION NUMBER
Edition number 23
Classification number 973.929092
Author mark and year CLL 2003
100 1# - MAIN ENTRY--PERSONAL NAME
Personal name Clinton, Hillary Rodham.
9 (RLIN) 163707
245 10 - TITLE STATEMENT
Title Living history /
Statement of responsibility, etc. Hillary Rodham Clinton.
260 ## - PUBLICATION, DISTRIBUTION, ETC. (IMPRINT)
Place of publication, distribution, etc. New York, NY :
Name of publisher, distributor, etc. Simon & Schuster,
Date of publication, distribution, etc. c2003.
300 ## - PHYSICAL DESCRIPTION
Pagination xi, 562 p., [32] p. of plates :
Illustrations ill. ;
Size 24 cm.
500 ## - GENERAL NOTE
General note Includes index.
600 10 - SUBJECT ADDED ENTRY--PERSONAL NAME
Personal name Clinton, Hillary Rodham.
610 10 - SUBJECT ADDED ENTRY--CORPORATE NAME
Corporate name or jurisdiction name as entry element United States.
Subordinate unit Congress.
-- Senate
650 #0 - SUBJECT ADDED ENTRY--TOPICAL TERM
Topical term or geographic name as entry element Presidents' spouses
Geographic subdivision United States
Form subdivision Biography.
9 (RLIN) 163709
Topical term or geographic name as entry element Legislators
Geographic subdivision United States
Form subdivision Biography.
9 (RLIN) 163710
651 #0 - SUBJECT ADDED ENTRY--GEOGRAPHIC NAME
Geographic name United States
General subdivision Politics and government
Chronological subdivision 1993-2001.
9 (RLIN) 163711
942 ## - ADDED ENTRY ELEMENTS (KOHA)
Source of classification or shelving scheme Dewey Decimal Classification
Koha item type Books
Holdings
Lost status Source of classification or shelving scheme Damaged status Not for loan Collection code Permanent Location Current Location Shelving location Date acquired Source of acquisition Cost, normal purchase price Total Checkouts Full call number Date last seen Date checked out Copy number Koha item type
  Dewey Decimal Classification     Non-fiction Central Library, University of Rajshahi Central Library, University of Rajshahi   01/07/2009 Dhaka, Ahsania Mission Book 4909.00 1 973.929092 CLL 2003 29/01/2022 16/01/2022 C-2 Books
  Dewey Decimal Classification   Not For Loan Non-fiction Central Library, University of Rajshahi Central Library, University of Rajshahi Reading Room 01/07/2009 Dhaka, Ahsania mission book dis. home. 4909.60   973.929092 CLL 2003 28/01/2017   C-1 Books